LEADER 00984nam0 22002531i 450 001 UON00190352 005 20231205103212.116 010 $a88-15-04567-8 100 $a20030730d1994 |0itac50 ba 101 $aita 102 $aIT 105 $a|||| ||||| 200 1 $a Ragione e cultura$eil ruolo della razionalità e del razionalismo nella storia$fErnest Gellner. - Bologna$eIl Mulino, 1994. 219 p. ; 21 cm. 410 1$1001UON00066025$12001 $aIntersezioni$v128 606 $aRazionalismo$3UONC039212$2FI 620 $aIT$dBologna$3UONL000085 700 1$aGellner$bErnest$3UONV043162$0128105 712 $aIl Mulino$3UONV245824$4650 801 $aIT$bSOL$c20251017$gRICA 899 $aSIBA - SISTEMA BIBLIOTECARIO DI ATENEO$2UONSI 912 $aUON00190352 950 $aSIBA - SISTEMA BIBLIOTECARIO DI ATENEO$dSI VAR B 0233 $eSI SC 29973 5 0233 996 $aRagione e cultura$9247504 997 $aUNIOR